| 000 | 00387nam a2200133 4500 | ||
|---|---|---|---|
| 001 | 109950 | ||
| 003 | ES-MaACL | ||
| 007 | t| | ||
| 008 | 061121s1968 sp r ||||1| eng d | ||
| 245 | 0 | 0 |
_aOperations research incorporated _b: capabilities for economic development assistance. |
| 260 |
_a[s.l. : _bs.n.], _c1968. |
||
| 300 |
_a87 fol. ; _c28 cm. |
||
| 852 |
_aES-MaACL _jE-8241 _bR.92845 |
||
| 999 |
_c109950 _d109950 |
||